| 000 | 01266nam a2200241Ia 4500 | ||
|---|---|---|---|
| 999 |
_c55182 _d55182 |
||
| 001 | 22257 | ||
| 003 | GE_BSU | ||
| 005 | 20220603125154.0 | ||
| 008 | 181216s2016ge xx |||||||||||||| ||geo|| | ||
| 020 | _a9789941081804 | ||
| 040 | _cGE_BSU | ||
| 041 | _ageo | ||
| 080 | _a141.157 +1(430) მ-30 | ||
| 100 |
_aმარგველაშვილი, გივი. _913973 |
||
| 245 |
_aფინალობის პრობლემა ნიკოლაი ჰარტმანისა და მარტინ ჰაიდეგერის ონტოლოგიებში / _cგივი მარგველაშვილი, რედ. ნოდარ ნათაძე |
||
| 264 |
_aთბილისი : _bCarpe diem, _c2016. |
||
| 300 |
_a244 გვ . ; _c 21 სმ. |
||
| 653 | _aფინალიზმი. გერმანული ფილოსოფია. | ||
| 653 | _aფინალობის პრობლემა ნიკოლაი ჰარტმანისა და მარტინ ჰაიდეგერის ონტოლოგიებში | ||
| 653 | _aფილოსოფია | ||
| 700 |
_aნათაძე, ნოდარ _eრედაქტორი _93710 |
||
| 942 |
_cBK _2udc |
||